00556nam a2200145Ia 4500003000900000008004100009020002700050040001600077100002900093245009800122260003200220300002000252490003400272856010400306IN-BaIIA211028s9999 xx s 000 0 eng d a9781510610545 (Online) cIIA Library aRefregier, Philippe, ed. 0a1999 Euro-American Workshop Optoelectronic Information Processing: A Critical Reviewh[eBook] aWashington, USAbSPIEc1999 aOnline resource aProceedings of SPIE; V. 10296 uhttps://www.spiedigitallibrary.org/conference-proceedings-of-spie/10296yClick Here to Access eBook